skbl

Dr Suryya Kumar Bhuyan Library Web-OPAC
ডঃ সূৰ্য্য
কুমাৰ ভূঞা পুথিভঁৰাল ৱেব-অ'পেক

All Research Scholars are advised to clear the annual library fees to continue using Library Resources, Remote Access, Plagiarism Test and Library Clearance.

Cotton University Book Fair 2026

Essentials of Molecular Biology / (Record no. 5554)

MARC details
000 -LEADER
fixed length control field 00740nam a2200265Ia 4500
001 - CONTROL NUMBER
control field 5567
005 - DATE AND TIME OF LATEST TRANSACTION
control field 20240113233838.0
007 - PHYSICAL DESCRIPTION FIXED FIELD--GENERAL INFORMATION
fixed length control field ta
008 - FIXED-LENGTH DATA ELEMENTS--GENERAL INFORMATION
fixed length control field 050621s 199 a g b000 u eng u
020 ## - INTERNATIONAL STANDARD BOOK NUMBER
International Standard Book Number 0-86720-860-0
040 ## - CATALOGING SOURCE
Original cataloging agency Cotton College,Assam
041 ## - LANGUAGE CODE
Language code of text/sound track or separate title eng
082 ## - DEWEY DECIMAL CLASSIFICATION NUMBER
Classification number 574.88
Item number Ma 29 Es
100 ## - MAIN ENTRY--PERSONAL NAME
Personal name Malacinski , George M. .
245 #0 - TITLE STATEMENT
Title Essentials of Molecular Biology /
Statement of responsibility, etc. George M. Malacinski and David Freifelder.
Medium Textual Documents
250 ## - EDITION STATEMENT
Edition statement 3rd ed /
260 ## - PUBLICATION, DISTRIBUTION, ETC.
Place of publication, distribution, etc. Boston :
Name of publisher, distributor, etc. Jones & Bartlett ,
Date of publication, distribution, etc. C 1998.
300 ## - PHYSICAL DESCRIPTION
Extent xxi, 532p. :
Other physical details ill. ;
Dimensions 26cm. .
504 ## - BIBLIOGRAPHY, ETC. NOTE
Bibliography, etc. note Index
653 ## - INDEX TERM--UNCONTROLLED
Uncontrolled term Biology- Molecular Biology
942 ## - ADDED ENTRY ELEMENTS (KOHA)
Source of classification or shelving scheme Dewey Decimal Classification
Koha item type Books
Holdings
Withdrawn status Lost status Damaged status Not for loan Collection Home library Current library Date acquired Coded location qualifier Total checkouts Full call number Barcode Date last seen Date last checked out Copy number Price effective from Koha item type
          Dr. Suryya Kumar Bhuyan Library Dr. Suryya Kumar Bhuyan Library 01/02/2012 00000 1 574.88 Ma 29 Es 677/Zoo 23/12/2025 20/11/2025 1 01/02/2012 Books
          Dr. Suryya Kumar Bhuyan Library Dr. Suryya Kumar Bhuyan Library 01/02/2012 00000   574.88 Ma 29 Es 666/Bot 13/01/2024   2 01/02/2012 Books

Designed and Maintained by Team SKBL
©1901-2026

Powered by Koha